000 00870nam a22002537a 4500
001 000815008
003 AM-YEHGA
005 20250618080112.0
008 110607s1984 ru ||||gr|||||||||0|rus|d
040 _aAM-YeHGA
041 1 _arus
_heng
100 1 _aКрауфорд, Ф
245 1 0 _aВолны /
_cФ. Крауфорд ; Пер. с англ. под ред. А.И. Шальникова и А.О. Вайсенберга.
250 _a3-изд., испр.
260 _aМосква :
_bНаука,
_c1984.
300 _aтом
440 0 _aБерклеевский курс физики
505 0 _gТ. 3 ( 1984, 512, ил., табл.
650 1 4 _aФизика
_951
700 1 _aШальников, А.И.
_eред.
_4edt
_eпер.
_4trl
700 1 _aВайсенберг, А.О.
_eред.
_4edt
_eпер.
_4trl
942 _2udc
_cBK
090 _c564978
999 _c527032
_d527032